<?xml version="1.0" encoding="UTF-8"?><?xml-stylesheet type="text/xsl" href="static/style.xsl"?><OAI-PMH xmlns="http://www.openarchives.org/OAI/2.0/" xmlns:xsi="http://www.w3.org/2001/XMLSchema-instance" xsi:schemaLocation="http://www.openarchives.org/OAI/2.0/ http://www.openarchives.org/OAI/2.0/OAI-PMH.xsd"><responseDate>2026-04-14T04:18:31Z</responseDate><request verb="GetRecord" identifier="oai:www.recercat.cat:2445/216487" metadataPrefix="marc">https://recercat.cat/oai/request</request><GetRecord><record><header><identifier>oai:recercat.cat:2445/216487</identifier><datestamp>2025-12-05T10:01:26Z</datestamp><setSpec>com_2072_1057</setSpec><setSpec>col_2072_478819</setSpec><setSpec>col_2072_478917</setSpec></header><metadata><record xmlns="http://www.loc.gov/MARC21/slim" xmlns:dcterms="http://purl.org/dc/terms/" xmlns:xsi="http://www.w3.org/2001/XMLSchema-instance" xmlns:doc="http://www.lyncode.com/xoai" xsi:schemaLocation="http://www.loc.gov/MARC21/slim http://www.loc.gov/standards/marcxml/schema/MARC21slim.xsd">
   <leader>00925njm 22002777a 4500</leader>
   <datafield ind2=" " ind1=" " tag="042">
      <subfield code="a">dc</subfield>
   </datafield>
   <datafield ind2=" " ind1=" " tag="720">
      <subfield code="a">Forment, Mar</subfield>
      <subfield code="e">author</subfield>
   </datafield>
   <datafield ind2=" " ind1=" " tag="720">
      <subfield code="a">Illamola i Gómez, Cristina</subfield>
      <subfield code="e">author</subfield>
   </datafield>
   <datafield ind2=" " ind1=" " tag="260">
      <subfield code="c">2024-11-14T15:57:34Z</subfield>
   </datafield>
   <datafield ind2=" " ind1=" " tag="260">
      <subfield code="c">2024-11-14T15:57:34Z</subfield>
   </datafield>
   <datafield ind2=" " ind1=" " tag="260">
      <subfield code="c">2024-05-23</subfield>
   </datafield>
   <datafield ind2=" " ind1=" " tag="260">
      <subfield code="c">2024-11-14T15:57:34Z</subfield>
   </datafield>
   <datafield ind2=" " ind1=" " tag="520">
      <subfield code="a">[eng] The aim of the article is to inventory gestures related to mockery, insult, attracting good luck, or warding off bad luck that a group of informants from Barcelona have performed. The data come from the application of the survey from the Atlas de Gestos, whose task is to collect gestures from the Pan-Hispanic context to describe the gestural repertoire of each territory and conduct comparative studies. The results, interpreted based on social factors (gender, age, and level of instruction), confirm the wide range of gestures for different functions (10 for mockery, 11 for insult and attracting good luck, and 9 for warding off bad luck). Regarding differences based on social variables, the results allow for indicating trends, namely, while the most used gesture to express mockery is sticking out the tongue, young people prefer the gesture of pointing and laughing, and informants over 55 years old only prefer laughing. Concerning insults, the use of peineta is widespread, although differences in behavior between men and women are observed. As for attracting good luck, Barcelona informants opt for crossing fingers, although older generations use gestures with more religious connotations, such as clasping hands. Finally, to ward off bad luck, Barcelona locals mention the gesture of crossing made with the index fingers of each hand.</subfield>
   </datafield>
   <datafield tag="653" ind2=" " ind1=" ">
      <subfield code="a">Gest</subfield>
   </datafield>
   <datafield tag="653" ind2=" " ind1=" ">
      <subfield code="a">Comunicació no verbal</subfield>
   </datafield>
   <datafield tag="653" ind2=" " ind1=" ">
      <subfield code="a">Gesture</subfield>
   </datafield>
   <datafield tag="653" ind2=" " ind1=" ">
      <subfield code="a">Nonverbal communication</subfield>
   </datafield>
   <datafield ind2="0" ind1="0" tag="245">
      <subfield code="a">May the Force Be with You... Gesturality of the Barcelonians Associated with Mockery, Insult and Protection</subfield>
   </datafield>
</record></metadata></record></GetRecord></OAI-PMH>